[Event "5. Magistral da Hebraica 2008"]
[Site "Sao Paulo BRA"]
[Date "2008.04.06"]
[Round "1.2"]
[White "Matsuura, Everaldo"]
[Black "Coelho, Luis Henrique"]
[Result "1/2-1/2"]
[WhiteElo "2500"]
[BlackElo "2392"]
[PlyCount "39"]
[EventDate "2008.04.06"]
[EventType "tourn"]
[EventRounds "9"]
[EventCountry "BRA"]
[EventCategory "9"]
[Source "lmi"]
[SourceDate "2008.04.06"]

1. e4 c5 2. Nf3 d6 3. d4 cxd4 4. Nxd4 Nf6 5. Nc3 Nc6 6. Bg5 e6 7. Qd2 Be7 8.
O-O-O Nxd4 9. Qxd4 O-O 10. f3 a5 11. Kb1 b6 12. e5 dxe5 13. Qxe5 Bd7 14. h4 Rc8
15. Ne4 Qc7 16. Qxc7 Rxc7 17. Bf4 Ra7 18. Be3 Rc7 19. Bf4 Ra7 20. Be3 1/2-1/2

[Event "5. Magistral da Hebraica 2008"]
[Site "Sao Paulo BRA"]
[Date "2008.04.06"]
[Round "1.5"]
[White "Diamant, Andre"]
[Black "Milos, Gilberto"]
[Result "1/2-1/2"]
[WhiteElo "2407"]
[BlackElo "2594"]
[PlyCount "73"]
[EventDate "2008.04.06"]
[EventType "tourn"]
[EventRounds "9"]
[EventCountry "BRA"]
[EventCategory "9"]
[Source "lmi"]
[SourceDate "2008.04.06"]

1. e4 c6 2. d4 d5 3. exd5 cxd5 4. c4 Nf6 5. Nc3 e6 6. Nf3 Bb4 7. Bd3 dxc4 8.
Bxc4 Qc7 9. Qd3 O-O 10. O-O Bxc3 11. bxc3 Nbd7 12. Re1 b6 13. Bg5 Bb7 14. Bb3
b5 15. Ne5 Nxe5 16. dxe5 Qc6 17. f3 Nd5 18. Bxd5 Qxd5 19. Qxd5 Bxd5 20. a4 bxa4
21. Rxa4 Rfc8 22. Rea1 h6 23. Bd2 Rc7 24. R1a3 Bc4 25. Be3 a6 26. Rb4 Rd8 27.
Bd4 Bb5 28. Kf2 Rd5 29. Ke3 Rc8 30. Ra2 Kf8 31. h4 Ke7 32. g4 Kd7 33. h5 Ke7
34. f4 Rc4 35. Rxc4 Bxc4 36. Ra4 Bb5 37. Ra2 1/2-1/2

[Event "5. Magistral da Hebraica 2008"]
[Site "Sao Paulo BRA"]
[Date "2008.04.07"]
[Round "2.1"]
[White "Greenfeld, Alon"]
[Black "Milos, Gilberto"]
[Result "1/2-1/2"]
[WhiteElo "2575"]
[BlackElo "2594"]
[PlyCount "37"]
[EventDate "2008.04.06"]
[EventType "tourn"]
[EventRounds "9"]
[EventCountry "BRA"]
[EventCategory "9"]
[Source "lmi"]
[SourceDate "2008.04.06"]

1. d4 Nf6 2. Nf3 g6 3. c4 Bg7 4. g3 O-O 5. Bg2 d5 6. cxd5 Nxd5 7. O-O Nb6 8.
Nc3 Nc6 9. e3 e5 10. d5 Ne7 11. e4 Bg4 12. a4 c6 13. a5 Nbc8 14. h3 Bxf3 15.
Qxf3 cxd5 16. Nxd5 Nxd5 17. Rd1 Qc7 18. Rxd5 Ne7 19. Rd1 1/2-1/2

[Event "5. Magistral da Hebraica 2008"]
[Site "Sao Paulo BRA"]
[Date "2008.04.07"]
[Round "2.2"]
[White "Perdomo, Leandro"]
[Black "Diamant, Andre"]
[Result "0-1"]
[WhiteElo "2361"]
[BlackElo "2407"]
[PlyCount "70"]
[EventDate "2008.04.06"]
[EventType "tourn"]
[EventRounds "9"]
[EventCountry "BRA"]
[EventCategory "9"]
[Source "lmi"]
[SourceDate "2008.04.06"]

1. d4 Nf6 2. c4 g6 3. Nc3 Bg7 4. e4 d6 5. Nge2 O-O 6. Ng3 c5 7. d5 e6 8. Be2
exd5 9. exd5 a6 10. a4 Re8 11. O-O Nbd7 12. Bg5 h6 13. Bf4 Ne5 14. Qd2 g5 15.
Bxe5 Rxe5 16. Bd3 Bd7 17. f4 gxf4 18. Qxf4 Qe7 19. Bf5 Nh5 20. Nxh5 Rxf5 21.
Qxf5 Bxf5 22. Rxf5 Bd4+ 23. Kh1 Re8 24. Raf1 Qh4 25. g3 Qg4 26. Nf6+ Bxf6 27.
R5f4 Qg5 28. Rxf6 Re1 29. Rxe1 Qxf6 30. Kg2 Qd4 31. Re4 Qd2+ 32. Kh3 Qxb2 33.
Re8+ Kg7 34. Ne4 Qe2 35. Re7 Kf8 0-1

[Event "5. Magistral da Hebraica 2008"]
[Site "Sao Paulo BRA"]
[Date "2008.04.08"]
[Round "3.1"]
[White "Matsuura, Everaldo"]
[Black "Greenfeld, Alon"]
[Result "1/2-1/2"]
[WhiteElo "2500"]
[BlackElo "2575"]
[PlyCount "44"]
[EventDate "2008.04.06"]
[EventType "tourn"]
[EventRounds "9"]
[EventCountry "BRA"]
[EventCategory "9"]
[Source "lmi"]
[SourceDate "2008.04.06"]

1. e4 e5 2. Nf3 Nc6 3. Bb5 a6 4. Ba4 Nf6 5. d3 d6 6. c3 g6 7. O-O Bg7 8. Re1 b5
9. Bb3 O-O 10. h3 Bb7 11. a4 Qd7 12. Nbd2 Rae8 13. axb5 axb5 14. Nf1 Nd8 15.
Ra7 Qc8 16. Bd2 Ne6 17. Bc2 Nh5 18. N1h2 Nef4 19. d4 Qb8 20. Ra1 Kh8 21. Qb1
Bc6 22. dxe5 dxe5 1/2-1/2

[Event "5. Magistral da Hebraica 2008"]
[Site "Sao Paulo BRA"]
[Date "2008.04.08"]
[Round "3.3"]
[White "Stamenkovic, Dragan"]
[Black "Rodi, Luis Ernesto"]
[Result "0-1"]
[WhiteElo "2240"]
[BlackElo "2340"]
[PlyCount "124"]
[EventDate "2008.04.06"]
[EventType "tourn"]
[EventRounds "9"]
[EventCountry "BRA"]
[EventCategory "9"]
[Source "lmi"]
[SourceDate "2008.04.06"]

1. d4 c5 2. d5 Nf6 3. Nc3 g6 4. e4 d6 5. Be2 Bg7 6. Nf3 O-O 7. O-O Na6 8. Nd2
Nc7 9. a4 b6 10. Nc4 Ba6 11. Re1 Qd7 12. f4 Rad8 13. h3 e6 14. Bf1 exd5 15.
exd5 Rfe8 16. Rxe8+ Rxe8 17. Ne3 Bxf1 18. Nxf1 Ne4 19. Ne2 f5 20. c4 Bf6 21.
Qd3 Na6 22. Qd1 Re7 23. Ra3 Nb4 24. Re3 Qe8 25. b3 Na2 26. Bd2 Nxd2 27. Qxd2
Rxe3 28. Qxe3 Bd4 29. Nxd4 Qxe3+ 30. Nxe3 cxd4 31. Nf1 Nc1 32. Nd2 Ne2+ 33. Kf2
Nxf4 34. Nf3 d3 35. h4 Kg7 36. g3 Ne2 37. b4 Kf6 38. a5 bxa5 39. bxa5 h6 40. a6
g5 41. hxg5+ hxg5 42. Ke3 g4 43. Ne1 Nxg3 44. Nxd3 Ne4 45. Kf4 g3 46. Kf3 Kg5
47. Nf4 Nc5 48. Kxg3 Kf6 49. Ne2 Ke5 50. Kf3 Nxa6 51. Ke3 Nc5 52. Nc3 a6 53.
Ne2 a5 54. Nc3 f4+ 55. Kf3 Nb3 56. Kg4 Nc5 57. Kf3 a4 58. Nb5 Ne4 59. Ke2 Ng3+
60. Kd3 Nf5 61. Kc3 f3 62. Kd3 f2 0-1

[Event "5. Magistral da Hebraica 2008"]
[Site "Sao Paulo BRA"]
[Date "2008.04.08"]
[Round "3.5"]
[White "Milos, Gilberto"]
[Black "Perdomo, Leandro"]
[Result "1-0"]
[WhiteElo "2594"]
[BlackElo "2361"]
[PlyCount "89"]
[EventDate "2008.04.06"]
[EventType "tourn"]
[EventRounds "9"]
[EventCountry "BRA"]
[EventCategory "9"]
[Source "lmi"]
[SourceDate "2008.04.06"]

1. e4 e5 2. Nf3 Nc6 3. Bb5 a6 4. Ba4 Nf6 5. O-O Be7 6. Re1 b5 7. Bb3 O-O 8. a4
b4 9. d3 d6 10. Nbd2 Na5 11. Ba2 Be6 12. Nc4 Nxc4 13. Bxc4 a5 14. Bg5 Nd7 15.
Be3 c6 16. Bxe6 fxe6 17. d4 Bf6 18. d5 exd5 19. exd5 Qc7 20. c3 bxc3 21. bxc3
Rab8 22. Rc1 Rb2 23. c4 c5 24. Nd2 Nb6 25. Ne4 Qd7 26. Bd2 Nxa4 27. Ra1 Nb6 28.
Bc3 Rb4 29. Bxb4 axb4 30. Qb3 Be7 31. Ra6 Nc8 32. Rea1 Qf5 33. Qe3 h6 34. h3
Qd7 35. Rc6 Qb7 36. Qb3 Rf4 37. Qd3 Rf8 38. g3 Rd8 39. Rca6 Rf8 40. Kg2 Qd7 41.
Qd1 Qb7 42. Qg4 b3 43. R6a5 Qb4 44. Rb5 b2 45. Rb1 1-0

[Event "5. Magistral da Hebraica 2008"]
[Site "Sao Paulo BRA"]
[Date "2008.04.09"]
[Round "4.1"]
[White "Greenfeld, Alon"]
[Black "Perdomo, Leandro"]
[Result "1/2-1/2"]
[WhiteElo "2575"]
[BlackElo "2361"]
[PlyCount "115"]
[EventDate "2008.04.06"]
[EventType "tourn"]
[EventRounds "9"]
[EventCountry "BRA"]
[EventCategory "9"]
[Source "lmi"]
[SourceDate "2008.04.06"]

1. d4 Nf6 2. Nf3 g6 3. c4 Bg7 4. g3 O-O 5. Bg2 c6 6. Nc3 d5 7. Qb3 dxc4 8. Qxc4
Bf5 9. O-O Nbd7 10. Bf4 Nb6 11. Qb3 Nfd5 12. Nxd5 Qxd5 13. Qa3 Qd7 14. Rfd1 Bc2
15. Re1 Be4 16. Rad1 Rfd8 17. Ne5 Bxe5 18. Bxe5 Bxg2 19. Kxg2 g5 20. d5 cxd5
21. Qf3 Qe6 22. Bc3 Qe4 23. Rd4 Qxf3+ 24. exf3 Rd7 25. h4 h6 26. hxg5 hxg5 27.
Rg4 f6 28. f4 d4 29. Bb4 a5 30. Bc5 Na4 31. Ba3 b5 32. b3 Nc3 33. Bc1 Kf7 34.
fxg5 Rg8 35. a3 e5 36. Rh4 d3 37. Bd2 Ne2 38. gxf6 Kxf6 39. Rd1 Nd4 40. Bxa5
Nxb3 41. Bb4 Kf5 42. Rh5+ Rg5 43. Rxg5+ Kxg5 44. Kf3 Kf5 45. g4+ Kg5 46. Bd2+
Nxd2+ 47. Rxd2 Rd4 48. Ke3 Kxg4 49. Rd1 d2 50. Rxd2 Rxd2 51. Kxd2 Kf3 52. Kd3
Kxf2 53. Ke4 Ke2 54. Kxe5 Kd3 55. Kd5 Kc3 56. Kc5 Kb3 57. Kb6 Kxa3 58. Kxb5
1/2-1/2

[Event "5. Magistral da Hebraica 2008"]
[Site "Sao Paulo BRA"]
[Date "2008.04.09"]
[Round "4.3"]
[White "Coelho, Luis Henrique"]
[Black "Diamant, Andre"]
[Result "1/2-1/2"]
[WhiteElo "2392"]
[BlackElo "2407"]
[PlyCount "101"]
[EventDate "2008.04.06"]
[EventType "tourn"]
[EventRounds "9"]
[EventCountry "BRA"]
[EventCategory "9"]
[Source "lmi"]
[SourceDate "2008.04.06"]

1. d4 Nf6 2. c4 e6 3. g3 c5 4. d5 exd5 5. cxd5 d6 6. Nc3 g6 7. Nf3 Bg7 8. Bg2
O-O 9. O-O a6 10. a4 b6 11. Nd2 Ra7 12. Nc4 Re8 13. Bf4 Bf8 14. e4 Rb7 15. Re1
Nh5 16. Be3 Bd7 17. Bf3 b5 18. axb5 axb5 19. Na5 Ra7 20. Nb3 Rxa1 21. Qxa1 b4
22. Nb1 Bb5 23. N1d2 Nd7 24. Be2 Bxe2 25. Rxe2 Bg7 26. Qa6 Nb8 27. Qb5 Qd7 28.
Qxd7 Nxd7 29. Nc4 Rxe4 30. Nxd6 Re5 31. Rd2 Nhf6 32. Nc4 Rxd5 33. Rxd5 Nxd5 34.
Bxc5 Nxc5 35. Nxc5 Bd4 36. Nb3 Ba7 37. Kf1 h5 38. Ke2 Kg7 39. Nc1 f5 40. Nd3 g5
41. h3 g4 42. hxg4 hxg4 43. Nce5 Bb8 44. Nc6 Bd6 45. Kd1 Kf6 46. Kc2 f4 47.
gxf4 Kf5 48. Nd4+ Ke4 49. Ne2 Kf3 50. Nd4+ Ke4 51. Ne2 1/2-1/2

[Event "5. Magistral da Hebraica 2008"]
[Site "Sao Paulo BRA"]
[Date "2008.04.09"]
[Round "4.5"]
[White "Matsuura, Everaldo"]
[Black "Stamenkovic, Dragan"]
[Result "0-1"]
[WhiteElo "2500"]
[BlackElo "2440"]
[PlyCount "84"]
[EventDate "2008.04.06"]
[EventType "tourn"]
[EventRounds "9"]
[EventCountry "BRA"]
[EventCategory "9"]
[Source "lmi"]
[SourceDate "2008.04.06"]

1. e4 c5 2. Nf3 Nc6 3. d4 cxd4 4. Nxd4 g6 5. c4 Bg7 6. Be3 Nf6 7. Nc3 d6 8. Be2
O-O 9. O-O Bd7 10. Qd2 Nxd4 11. Bxd4 Bc6 12. f3 a5 13. Rab1 Nd7 14. Be3 Nc5 15.
b3 Qb6 16. Rfc1 Rfc8 17. Rc2 Qd8 18. a3 Qf8 19. b4 axb4 20. axb4 Ne6 21. Nd5
Ra3 22. Rd1 Ba4 23. Rdc1 Bxc2 24. Rxc2 Rca8 25. f4 Rxe3 26. Nxe3 Nxf4 27. Bf1
Ra1 28. Rc1 Rxc1 29. Qxc1 Be5 30. Kh1 Qh6 31. Ng4 Qg5 32. Qd1 Bc3 33. g3 Ne6
34. h4 Qd2 35. Qxd2 Bxd2 36. b5 h5 37. Nh2 Nc5 38. Bg2 Be1 39. Nf1 Kg7 40. Kh2
Kf6 41. Ne3 Ke5 42. Nd5 e6 0-1

[Event "5. Magistral da Hebraica 2008"]
[Site "Sao Paulo BRA"]
[Date "2008.04.10"]
[Round "5.1"]
[White "Stamenkovic, Dragan"]
[Black "Greenfeld, Alon"]
[Result "1/2-1/2"]
[WhiteElo "2440"]
[BlackElo "2575"]
[PlyCount "30"]
[EventDate "2008.04.06"]
[EventType "tourn"]
[EventRounds "9"]
[EventCountry "BRA"]
[EventCategory "9"]
[Source "lmi"]
[SourceDate "2008.04.06"]

1. d4 d5 2. Nf3 Nf6 3. c4 e6 4. Nc3 Bb4 5. Bg5 Nbd7 6. e3 c5 7. cxd5 exd5 8.
Bxf6 Nxf6 9. Bb5+ Ke7 10. O-O Qa5 11. Be2 c4 12. Qc2 g6 13. Rfc1 Bf5 14. Qd1
Rac8 15. Nd2 Rc6 1/2-1/2

[Event "5. Magistral da Hebraica 2008"]
[Site "Sao Paulo BRA"]
[Date "2008.04.10"]
[Round "5.4"]
[White "Milos, Gilberto"]
[Black "Coelho, Luis Henrique"]
[Result "1/2-1/2"]
[WhiteElo "2594"]
[BlackElo "2392"]
[PlyCount "35"]
[EventDate "2008.04.06"]
[EventType "tourn"]
[EventRounds "9"]
[EventCountry "BRA"]
[EventCategory "9"]
[Source "lmi"]
[SourceDate "2008.04.06"]

1. c4 Nf6 2. Nc3 e5 3. Nf3 Nc6 4. g3 d5 5. cxd5 Nxd5 6. Bg2 Nb6 7. a3 Be7 8. b4
Be6 9. Rb1 f6 10. O-O O-O 11. d3 Nd4 12. Bb2 Nxf3+ 13. Bxf3 c6 14. Qc2 Qd7 15.
Rfd1 a5 16. bxa5 Rxa5 17. Bc1 Nd5 18. Nxd5 1/2-1/2

[Event "5. Magistral da Hebraica 2008"]
[Site "Sao Paulo BRA"]
[Date "2008.04.10"]
[Round "5.5"]
[White "Perdomo, Leandro"]
[Black "Leitao, Rafael"]
[Result "0-1"]
[WhiteElo "2361"]
[BlackElo "2604"]
[PlyCount "60"]
[EventDate "2008.04.06"]
[EventType "tourn"]
[EventRounds "9"]
[EventCountry "BRA"]
[EventCategory "9"]
[Source "lmi"]
[SourceDate "2008.04.06"]

1. d4 d5 2. c4 c6 3. Nc3 e6 4. cxd5 exd5 5. Nf3 Bf5 6. Bf4 Bd6 7. Bxd6 Qxd6 8.
e3 Nd7 9. Bd3 Bxd3 10. Qxd3 Ngf6 11. O-O O-O 12. b4 b5 13. a4 a5 14. axb5 axb4
15. Ne2 cxb5 16. Qxb5 Rxa1 17. Rxa1 Rb8 18. Qd3 Ne4 19. Ng3 Qc6 20. Rb1 Nc3 21.
Rc1 Qc4 22. Qd2 Ra8 23. Ne1 Nb6 24. h4 g6 25. h5 Ra2 26. Qd3 Nba4 27. hxg6 hxg6
28. e4 Qxd3 29. Nxd3 b3 30. exd5 Rd2 0-1

[Event "5. Magistral da Hebraica 2008"]
[Site "Sao Paulo BRA"]
[Date "2008.04.11"]
[Round "6.2"]
[White "Coelho, Luis Henrique"]
[Black "Perdomo, Leandro"]
[Result "0-1"]
[WhiteElo "2392"]
[BlackElo "2361"]
[PlyCount "110"]
[EventDate "2008.04.06"]
[EventType "tourn"]
[EventRounds "9"]
[EventCountry "BRA"]
[EventCategory "9"]
[Source "lmi"]
[SourceDate "2008.04.06"]

1. d4 Nf6 2. c4 g6 3. Nc3 Bg7 4. Nf3 O-O 5. g3 c6 6. Bg2 d5 7. Qb3 Qb6 8. O-O
Bf5 9. Ne5 Rd8 10. Bf4 h6 11. cxd5 Qxb3 12. axb3 Nxd5 13. Nxd5 cxd5 14. Rfc1 g5
15. Be3 Bxe5 16. dxe5 Nc6 17. f4 gxf4 18. gxf4 Rd7 19. Bc5 Rc8 20. b4 Rdc7 21.
Bxa7 Nxb4 22. Rxc7 Rxc7 23. Ra4 Rc1+ 24. Kf2 Rc4 25. Kg3 b5 26. Ra3 e6 27. Bb8
Nc2 28. Rc3 Rxc3+ 29. bxc3 d4 30. c4 bxc4 31. Kf2 c3 32. Bd6 Na1 33. e4 dxe3+
34. Kxe3 c2 35. Ba3 Nb3 36. Bf1 c1=Q+ 37. Bxc1 Nxc1 38. Kd2 Nb3+ 39. Kc3 Nc5
40. Kd4 Nd7 41. Ke3 Kg7 42. Kf3 Nf8 43. Kg3 Ng6 44. Be2 Kf8 45. h4 Ke8 46. Bb5+
Kd8 47. Ba4 Ne7 48. h5 Bd3 49. Bd1 Nf5+ 50. Kf2 Bb5 51. Bf3 Kc7 52. Ke1 Kb6 53.
Kd2 Kc5 54. Kc3 Nd4 55. Bg4 Ne2+ 0-1

[Event "5. Magistral da Hebraica 2008"]
[Site "Sao Paulo BRA"]
[Date "2008.04.11"]
[Round "6.3"]
[White "Rodi, Luis Ernesto"]
[Black "Milos, Gilberto"]
[Result "0-1"]
[WhiteElo "2340"]
[BlackElo "2594"]
[PlyCount "70"]
[EventDate "2008.04.06"]
[EventType "tourn"]
[EventRounds "9"]
[EventCountry "BRA"]
[EventCategory "9"]
[Source "lmi"]
[SourceDate "2008.04.06"]

1. e4 c5 2. Nc3 d6 3. f4 Nc6 4. Nf3 Nf6 5. Bc4 e6 6. d3 Be7 7. O-O O-O 8. Qe1
Nd4 9. Nxd4 cxd4 10. Ne2 d5 11. exd5 exd5 12. Bb3 Bc5 13. h3 b5 14. Bd2 Re8 15.
Qf2 Qb6 16. a4 a5 17. axb5 Bd7 18. Ba4 Ne4 19. Qe1 Nxd2 20. Qxd2 Bb4 21. Qd1
Re3 22. Kh2 Rae8 23. Ng1 Qg6 24. Bb3 h5 25. Kh1 Bg4 26. Qc1 Qf5 27. Kh2 Bxh3
28. Bxd5 Qxd5 29. Nxh3 Re2 30. Rg1 Qxb5 31. c3 dxc3 32. bxc3 Bd6 33. Rf1 R8e3
34. Ng1 Qg5 35. Nxe2 Rxe2 0-1

[Event "5. Magistral da Hebraica 2008"]
[Site "Sao Paulo BRA"]
[Date "2008.04.11"]
[Round "6.5"]
[White "Matsuura, Everaldo"]
[Black "Diamant, Andre"]
[Result "1-0"]
[WhiteElo "2500"]
[BlackElo "2407"]
[PlyCount "116"]
[EventDate "2008.04.06"]
[EventType "tourn"]
[EventRounds "9"]
[EventCountry "BRA"]
[EventCategory "9"]
[Source "lmi"]
[SourceDate "2008.04.06"]

1. e4 c5 2. Nf3 Nc6 3. d4 cxd4 4. Nxd4 g6 5. c4 Nf6 6. Nc3 d6 7. Nc2 Bg7 8. Be2
O-O 9. O-O a5 10. Be3 a4 11. Qd2 Qa5 12. Rab1 Be6 13. f3 Rfc8 14. Nd5 Qxd2 15.
Bxd2 Nd7 16. Bc3 Bxc3 17. Nxc3 f5 18. exf5 Bxf5 19. Rbc1 Bxc2 20. Rxc2 Nd4 21.
Rd2 e5 22. Nb5 Nxe2+ 23. Rxe2 Rxc4 24. Rd1 Nc5 25. Nxd6 Rd4 26. Red2 a3 27.
Rxd4 exd4 28. b3 d3 29. Kf2 Rd8 30. Nb5 Na6 31. Nxa3 Nb4 32. Nc4 Nxa2 33. Ne5
Nb4 34. f4 Rf8 35. g3 Rd8 36. Ke3 Rc8 37. Nxd3 Rc3 38. Ke4 Rxb3 39. Nc5 Rc3 40.
Nxb7 Rc7 41. Nd6 Re7+ 42. Kf3 Rd7 43. g4 Nc6 44. Rd2 Nd8 45. Ne4 Rxd2 46. Nxd2
Kg7 47. Ke4 Nf7 48. Kd5 Nh6 49. h3 Ng8 50. Ne4 Ne7+ 51. Kd6 Ng8 52. Ke6 Nh6 53.
Nd6 Kf8 54. g5 Ng8 55. Ne4 h6 56. Nf6 Ne7 57. Nd7+ Ke8 58. gxh6 Nf5 1-0

[Event "5. Magistral da Hebraica 2008"]
[Site "Sao Paulo BRA"]
[Date "2008.04.12"]
[Round "7.2"]
[White "Diamant, Andre"]
[Black "Stamenkovic, Dragan"]
[Result "1-0"]
[WhiteElo "2407"]
[BlackElo "2440"]
[PlyCount "93"]
[EventDate "2008.04.06"]
[EventType "tourn"]
[EventRounds "9"]
[EventCountry "BRA"]
[EventCategory "9"]
[Source "lmi"]
[SourceDate "2008.04.06"]

1. e4 c5 2. Nf3 d6 3. d4 cxd4 4. Nxd4 Nf6 5. Nc3 g6 6. Be3 Bg7 7. f3 a6 8. Qd2
Nbd7 9. O-O-O b5 10. g4 Bb7 11. h4 h5 12. g5 Nh7 13. Kb1 O-O 14. Bd3 Rc8 15. f4
e5 16. fxe5 Nxe5 17. Rhf1 d5 18. Nxd5 Bxd5 19. exd5 Qxd5 20. Rf4 Rfe8 21. Be4
Qd7 22. Qg2 Nf8 23. Rff1 Rcd8 24. Bc1 Qg4 25. Qh1 b4 26. Bd5 Re7 27. Rg1 Qc8
28. Nf3 Ng4 29. Rd2 a5 30. Re1 Red7 31. Bb3 Rxd2 32. Nxd2 Qd7 33. Nc4 Qa7 34.
Qc6 Ne6 35. Nd6 Nd4 36. Bxf7+ Qxf7 37. Nxf7 Nxc6 38. Nxd8 Nce5 39. Ne6 Nf3 40.
Rf1 Nxh4 41. Nxg7 Kxg7 42. c4 bxc3 43. bxc3 Nf5 44. c4 Kf7 45. Re1 h4 46. c5
Ne7 47. Re4 1-0

[Event "5. Magistral da Hebraica 2008"]
[Site "Sao Paulo BRA"]
[Date "2008.04.12"]
[Round "7.3"]
[White "Milos, Gilberto"]
[Black "Matsuura, Everaldo"]
[Result "1/2-1/2"]
[WhiteElo "2594"]
[BlackElo "2500"]
[PlyCount "84"]
[EventDate "2008.04.06"]
[EventType "tourn"]
[EventRounds "9"]
[EventCountry "BRA"]
[EventCategory "9"]
[Source "lmi"]
[SourceDate "2008.04.06"]

1. e4 c5 2. Nf3 Nc6 3. d4 cxd4 4. Nxd4 Nf6 5. Nc3 e5 6. Ndb5 d6 7. Bg5 a6 8.
Na3 b5 9. Nd5 Be7 10. Bxf6 Bxf6 11. c4 b4 12. Nc2 Rb8 13. g3 O-O 14. Bg2 Be7
15. O-O Be6 16. Qd3 Qd7 17. Rad1 Bd8 18. b3 Qb7 19. Kh1 a5 20. f4 f6 21. Qe2
Ra8 22. Nde3 Bc7 23. Nf5 Rad8 24. Qg4 Bxf5 25. exf5 Qa6 26. Ne3 Ne7 27. Nd5
Nxd5 28. Bxd5+ Kh8 29. Qh5 Bb6 30. Rde1 Qa7 31. Rf3 h6 32. g4 exf4 33. Rxf4 Bd4
34. Re6 Be5 35. Rf3 Qd4 36. Re7 Qd2 37. Rf1 Rc8 38. Rg1 Rc5 39. Re8 Rc8 40. Re7
Rc5 41. Re8 Rc8 42. Re7 Rc5 1/2-1/2

[Event "5. Magistral da Hebraica 2008"]
[Site "Sao Paulo BRA"]
[Date "2008.04.12"]
[Round "7.4"]
[White "Perdomo, Leandro"]
[Black "Rodi, Luis Ernesto"]
[Result "1/2-1/2"]
[WhiteElo "2361"]
[BlackElo "2340"]
[PlyCount "78"]
[EventDate "2008.04.06"]
[EventType "tourn"]
[EventRounds "9"]
[EventCountry "BRA"]
[EventCategory "9"]
[Source "lmi"]
[SourceDate "2008.04.06"]

1. d4 Nf6 2. c4 c5 3. d5 e6 4. Nc3 exd5 5. cxd5 d6 6. e4 g6 7. Nge2 Bg7 8. Ng3
a6 9. a4 Qe7 10. Be2 h5 11. Qc2 h4 12. Nf1 Nh5 13. g4 hxg3 14. hxg3 Nd7 15. Ne3
Nhf6 16. Rxh8+ Bxh8 17. Nc4 Ne5 18. Nb6 Rb8 19. Bg5 Bg4 20. Bxg4 Nexg4 21. Qe2
Qc7 22. a5 Ne5 23. f4 Ned7 24. Nc4 Nh7 25. Qh2 Ndf8 26. Bh6 Bd4 27. Bxf8 Nxf8
28. O-O-O Qd7 29. e5 dxe5 30. fxe5 Qg4 31. Ne4 Be3+ 32. Nxe3 Qxe4 33. Nc2 Rd8
34. d6 g5 35. Re1 Qf3 36. Re3 Qf1+ 37. Re1 Qf3 38. Re3 Qf1+ 39. Re1 Qf3 1/2-1/2

[Event "5. Magistral da Hebraica 2008"]
[Site "Sao Paulo BRA"]
[Date "2008.04.12"]
[Round "7.5"]
[White "Leitao, Rafael"]
[Black "Coelho, Luis Henrique"]
[Result "1-0"]
[WhiteElo "2604"]
[BlackElo "2392"]
[PlyCount "63"]
[EventDate "2008.04.06"]
[EventType "tourn"]
[EventRounds "9"]
[EventCountry "BRA"]
[EventCategory "9"]
[Source "lmi"]
[SourceDate "2008.04.06"]

1. d4 d5 2. c4 c6 3. Nf3 Nf6 4. Nc3 e6 5. Bg5 dxc4 6. e4 b5 7. e5 h6 8. Bh4 g5
9. Nxg5 hxg5 10. Bxg5 Nbd7 11. g3 Bb7 12. Bg2 Qb6 13. exf6 O-O-O 14. O-O Bh6
15. Bxh6 Rxh6 16. b3 cxb3 17. Qxb3 a5 18. Ne4 Nxf6 19. Nc5 Rxd4 20. Qe3 Qxc5
21. Qxh6 Nd5 22. Qg7 f6 23. Qg8+ Kd7 24. Bh3 f5 25. Rfe1 Nc7 26. Qg7+ Kc8 27.
Bxf5 Qd5 28. Qg8+ Kd7 29. Be4 Qd6 30. h4 Ne8 31. Bf5 Nc7 32. Bxe6+ 1-0

[Event "5. Magistral da Hebraica 2008"]
[Site "Sao Paulo BRA"]
[Date "2008.04.13"]
[Round "8.3"]
[White "Matsuura, Everaldo"]
[Black "Perdomo, Leandro"]
[Result "1-0"]
[WhiteElo "2500"]
[BlackElo "2361"]
[PlyCount "117"]
[EventDate "2008.04.06"]
[EventType "tourn"]
[EventRounds "9"]
[EventCountry "BRA"]
[EventCategory "9"]
[Source "lmi"]
[SourceDate "2008.04.06"]

1. e4 e5 2. Nf3 Nc6 3. Bb5 a6 4. Ba4 Nf6 5. O-O Be7 6. Re1 b5 7. Bb3 d6 8. c3
O-O 9. d3 Na5 10. Bc2 c5 11. Nbd2 Nc6 12. Nf1 Nd7 13. a4 Nb6 14. Ne3 Be6 15. a5
Nd7 16. d4 cxd4 17. cxd4 Nxd4 18. Nxd4 exd4 19. Qxd4 Qc7 20. Qd1 Bf6 21. Bb3
Nc5 22. Nd5 Bxd5 23. Bxd5 Rac8 24. Ra3 Ne6 25. Rf3 g6 26. b4 Qc2 27. Rd3 Bd4
28. Rf3 Qxd1 29. Rxd1 Be5 30. Be3 Rc3 31. Bb6 Rxf3 32. gxf3 Rb8 33. Rc1 Nf4 34.
Rc6 Nxd5 35. exd5 Kf8 36. Bc7 Ra8 37. Bxd6+ Bxd6 38. Rxd6 Ke7 39. Rb6 Ra7 40.
Kf1 Rd7 41. Rxa6 Rxd5 42. Rb6 Kd8 43. Rb7 Rf5 44. a6 Kc8 45. Rb6 Kc7 46. a7
Kxb6 47. a8=Q Kc7 48. Ke2 Kd6 49. Ke3 Re5+ 50. Kd4 Rf5 51. Qb8+ Ke6 52. Qh8 h5
53. Ke4 Kd6 54. f4 Kc6 55. Qd8 h4 56. Qxh4 Kd6 57. Qd8+ Ke6 58. Qc8+ Kd6 59.
Qxf5 1-0

[Event "5. Magistral da Hebraica 2008"]
[Site "Sao Paulo BRA"]
[Date "2008.04.14"]
[Round "9.1"]
[White "Diamant, Andre"]
[Black "Greenfeld, Alon"]
[Result "1/2-1/2"]
[WhiteElo "2407"]
[BlackElo "2575"]
[PlyCount "43"]
[EventDate "2008.04.06"]
[EventType "tourn"]
[EventRounds "9"]
[EventCountry "BRA"]
[EventCategory "9"]
[Source "lmi"]
[SourceDate "2008.04.06"]

1. e4 e5 2. Nf3 Nc6 3. Bb5 a6 4. Ba4 Nf6 5. O-O Be7 6. Re1 b5 7. Bb3 O-O 8. h3
Bb7 9. d3 d5 10. exd5 Nxd5 11. Nxe5 Nd4 12. Nc3 Nb4 13. Be3 Nxb3 14. axb3 f6
15. Nf3 Bxf3 16. gxf3 Qd7 17. Kg2 f5 18. f4 Qc6+ 19. Kh2 Bf6 20. Qd2 Qd6 21.
Rad1 c5 22. Ne2 1/2-1/2

[Event "5. Magistral da Hebraica 2008"]
[Site "Sao Paulo BRA"]
[Date "2008.04.14"]
[Round "9.4"]
[White "Leitao, Rafael"]
[Black "Matsuura, Everaldo"]
[Result "1/2-1/2"]
[WhiteElo "2604"]
[BlackElo "2500"]
[PlyCount "51"]
[EventDate "2008.04.06"]
[EventType "tourn"]
[EventRounds "9"]
[EventCountry "BRA"]
[EventCategory "9"]
[Source "lmi"]
[SourceDate "2008.04.06"]

1. d4 d5 2. c4 c6 3. Nf3 Nf6 4. Nc3 e6 5. Bg5 h6 6. Bh4 dxc4 7. e4 g5 8. Bg3 b5
9. Ne5 h5 10. h4 g4 11. Be2 Bb7 12. O-O Nbd7 13. Qc2 Nxe5 14. Bxe5 Bg7 15. b3
cxb3 16. axb3 O-O 17. Bg3 b4 18. Na4 c5 19. Nxc5 Rc8 20. Qd3 Rxc5 21. dxc5 Nxe4
22. Qxd8 Rxd8 23. Rxa7 Nxc5 24. Rd1 Rxd1+ 25. Bxd1 Bd5 26. Rc7 1/2-1/2